000 00509nam a2200181Ia 4500
001 17332
005 20260306171510.0
008 260306s9999||||xx |||||||||||||| ||und||
041 _aESP
082 _a657.7
_bC25
100 _aCano Morales, Abel María
_eAUT
245 0 _aContabilidad gerencial y presupuestaria:
_baplicada a las ciencias económicas, administrativas y contables
260 _c2013
300 _a277 páginas :
_c24 cm.
650 _aGEN
654 _aCCO
942 _cLIB
_dJUS
_fJUS
_2ddc
_n
999 _c17332
_d17332